000 00580nab a2200181 4500
001 244442
003 OSt
005 20250805083425.0
007 tu
008 200917s2020|||||||
040 _aDE-2950
_cDE-2950
245 0 0 _aKlassik ohne Grenzen startet
_bMusik. Mit Beethoven und Mozart geht es am Sonntag auf dem Anger los. An fünf Wochenenden stehen acht Konzerte an/
_cred
264 _c2024
653 _aFrankfurt (Oder)
653 _aKlassik ohne Grenzen
773 0 _g36. Jahrgang (2025) Nr. 176 vom 31.07.2025, S. 15 mit Foto
_tMärkische Oderzeitung
942 _2z
_cA
999 _c373937
_d373937